000 00585nam a22002057a 4500
003 OSt
005 20240606064638.0
008 240606b |||||||| |||| 00| 0 eng d
020 _a9711055104
040 _aDWC- Main Lib
_cOC
082 _aCirc. 515.35 L987d 1969
100 _aLove , Clyde E.
245 _aDifferential and integral calculus /
_cClyde E. Love
250 _aSixth edition
260 _aNY:
_bThe Macmillan Company,
_cc1969.
300 _axvi , 579 pages :
_b illustrations ;
_c21cm.
504 _aIncludes index.
650 _a1. Calculus.
942 _2ddc
_cBK-CIRC
_n1
999 _c293
_d293